| 000 | 00527nam a22001817a 4500 | ||
|---|---|---|---|
| 005 | 20251108171110.0 | ||
| 008 | 250721s9999 xx 000 0 ara d | ||
| 082 | 1 | 4 | _a923.01/محر |
| 100 | 1 | _aكمال، محرم | |
| 245 | 1 | 0 | _aآثار حياة الفراعنة في حياتنا الحالية / |
| 264 | 1 |
_aالقاهره : _bدار الهلال، _c[19-]. |
|
| 300 | _a82ص؛ مص | ||
| 490 | 0 | _aالألف كتاب ؛ 38 | |
| 650 | 1 | 7 | _aمصر |
| 650 | 1 | 7 | _aالفراعنه |
| 942 |
_2ddc _cBK |
||
| 999 |
_c56575 _d56575 |
||